<?xml version="1.0" encoding="UTF-8"?>
<record
    xmlns:xsi="http://www.w3.org/2001/XMLSchema-instance"
    xsi:schemaLocation="http://www.loc.gov/MARC21/slim http://www.loc.gov/standards/marcxml/schema/MARC21slim.xsd"
    xmlns="http://www.loc.gov/MARC21/slim">

  <leader>01366nam a22002297a 4500</leader>
  <datafield tag="999" ind1=" " ind2=" ">
    <subfield code="c">61244</subfield>
    <subfield code="d">61244</subfield>
  </datafield>
  <controlfield tag="003">Ge_BSU</controlfield>
  <controlfield tag="005">20240110104533.0</controlfield>
  <controlfield tag="008">240110s2023    ge ||||| |||| 00| 0 geo d</controlfield>
  <datafield tag="020" ind1=" " ind2=" ">
    <subfield code="a">9789941335143</subfield>
  </datafield>
  <datafield tag="041" ind1=" " ind2=" ">
    <subfield code="a">geo</subfield>
  </datafield>
  <datafield tag="080" ind1=" " ind2=" ">
    <subfield code="a">624.011.78 &#x10EE;-66</subfield>
  </datafield>
  <datafield tag="100" ind1=" " ind2=" ">
    <subfield code="a">&#x10EE;&#x10DB;&#x10D4;&#x10DA;&#x10D8;&#x10EB;&#x10D4;, &#x10D7;&#x10D0;&#x10DB;&#x10D0;&#x10D6;</subfield>
    <subfield code="9">21010</subfield>
  </datafield>
  <datafield tag="245" ind1=" " ind2=" ">
    <subfield code="a">&#x10DE;&#x10DA;&#x10D0;&#x10E1;&#x10E2;&#x10DB;&#x10D0;&#x10E1;&#x10D8;&#x10E1; &#x10D9;&#x10DD;&#x10DC;&#x10E1;&#x10E2;&#x10E0;&#x10E3;&#x10E5;&#x10EA;&#x10D8;&#x10D4;&#x10D1;&#x10D8; :</subfield>
    <subfield code="b">[&#x10DB;&#x10DD;&#x10DC;&#x10DD;&#x10D2;&#x10E0;&#x10D0;&#x10E4;&#x10D8;&#x10D0;] / </subfield>
    <subfield code="c">&#x10D7;&#x10D0;&#x10DB;&#x10D0;&#x10D6; &#x10EE;&#x10DB;&#x10D4;&#x10DA;&#x10D8;&#x10EB;&#x10D4;, &#x10D7;&#x10D0;&#x10DB;&#x10D0;&#x10D6; &#x10EA;&#x10D5;&#x10D0;&#x10E0;&#x10D8;&#x10D0;&#x10DC;&#x10D8;; &#x10E1;&#x10D0;&#x10DB;&#x10D4;&#x10EA;&#x10DC;&#x10D8;&#x10D4;&#x10E0;&#x10DD; &#x10E0;&#x10D4;&#x10D3;&#x10D0;&#x10E5;&#x10E2;&#x10DD;&#x10E0;&#x10D8; &#x10D2;&#x10D4;&#x10DA;&#x10D0; &#x10E7;&#x10D8;&#x10E4;&#x10D8;&#x10D0;&#x10DC;&#x10D8;; &#x10E1;&#x10D0;&#x10E5;&#x10D0;&#x10E0;&#x10D7;&#x10D5;&#x10D4;&#x10DA;&#x10DD;&#x10E1; &#x10E2;&#x10D4;&#x10E5;&#x10DC;&#x10D8;&#x10D9;&#x10E3;&#x10E0;&#x10D8; &#x10E3;&#x10DC;&#x10D8;&#x10D5;&#x10D4;&#x10E0;&#x10E1;&#x10D8;&#x10E2;&#x10D4;&#x10E2;&#x10D8;.</subfield>
  </datafield>
  <datafield tag="264" ind1=" " ind2=" ">
    <subfield code="a">&#x10D7;&#x10D1;&#x10D8;&#x10DA;&#x10D8;&#x10E1;&#x10D8; :</subfield>
    <subfield code="b"> &#x10E3;&#x10DC;&#x10D8;&#x10D5;&#x10D4;&#x10E0;&#x10E1;&#x10D0;&#x10DA;&#x10D8;, </subfield>
    <subfield code="c">2023.</subfield>
  </datafield>
  <datafield tag="300" ind1=" " ind2=" ">
    <subfield code="a">420 &#x10D2;&#x10D5;. : </subfield>
    <subfield code="b">&#x10E1;&#x10E3;&#x10E0;., &#x10EA;&#x10EE;&#x10E0;. ; </subfield>
    <subfield code="c">24 &#x10E1;&#x10DB;.</subfield>
  </datafield>
  <datafield tag="504" ind1=" " ind2=" ">
    <subfield code="a">&#x10D1;&#x10D8;&#x10D1;&#x10DA;&#x10D8;&#x10DD;&#x10D2;&#x10E0;&#x10D0;&#x10E4;&#x10D8;&#x10D0;: &#x10D2;&#x10D5;. 402-407.</subfield>
  </datafield>
  <datafield tag="520" ind1=" " ind2=" ">
    <subfield code="a">&#x10E0;&#x10D4;&#x10D6;&#x10D8;&#x10E3;&#x10DB;&#x10D4; &#x10E5;&#x10D0;&#x10E0;&#x10D7;&#x10E3;&#x10DA; &#x10D3;&#x10D0; &#x10D8;&#x10DC;&#x10D2;&#x10DA;&#x10D8;&#x10E1;&#x10E3;&#x10E0; &#x10D4;&#x10DC;&#x10D4;&#x10D1;&#x10D6;&#x10D4;.</subfield>
  </datafield>
  <datafield tag="653" ind1=" " ind2=" ">
    <subfield code="a">&#x10DE;&#x10DA;&#x10D0;&#x10E1;&#x10E2;&#x10DB;&#x10D0;&#x10E1;&#x10D8;&#x10E1; &#x10D9;&#x10DD;&#x10DC;&#x10E1;&#x10E2;&#x10E0;&#x10E3;&#x10E5;&#x10EA;&#x10D8;&#x10D4;&#x10D1;&#x10D8;</subfield>
  </datafield>
  <datafield tag="700" ind1=" " ind2=" ">
    <subfield code="a">&#x10EA;&#x10D5;&#x10D0;&#x10E0;&#x10D8;&#x10D0;&#x10DC;&#x10D8;, &#x10D7;&#x10D0;&#x10DB;&#x10D0;&#x10D6;</subfield>
    <subfield code="e">&#x10D0;&#x10D5;&#x10E2;&#x10DD;&#x10E0;&#x10D8;.</subfield>
    <subfield code="9">21011</subfield>
  </datafield>
  <datafield tag="700" ind1=" " ind2=" ">
    <subfield code="a">&#x10E7;&#x10D8;&#x10E4;&#x10D8;&#x10D0;&#x10DC;&#x10D8;, &#x10D2;&#x10D4;&#x10DA;&#x10D0;</subfield>
    <subfield code="e">&#x10E1;&#x10D0;&#x10DB;&#x10D4;&#x10EA;&#x10DC;&#x10D8;&#x10D4;&#x10E0;&#x10DD; &#x10E0;&#x10D4;&#x10D3;&#x10D0;&#x10E5;&#x10E2;&#x10DD;&#x10E0;&#x10D8;</subfield>
    <subfield code="9">21012</subfield>
  </datafield>
  <datafield tag="942" ind1=" " ind2=" ">
    <subfield code="2">udc</subfield>
    <subfield code="c">&#x1CAC;&#x1C98;&#x1C92;&#x1C9C;&#x1C98;</subfield>
  </datafield>
  <datafield tag="952" ind1=" " ind2=" ">
    <subfield code="0">0</subfield>
    <subfield code="1">0</subfield>
    <subfield code="2">udc</subfield>
    <subfield code="4">0</subfield>
    <subfield code="6">62401178_&#x10EE;66</subfield>
    <subfield code="7">0</subfield>
    <subfield code="9">97542</subfield>
    <subfield code="a">CPL</subfield>
    <subfield code="b">CPL</subfield>
    <subfield code="c">GEN</subfield>
    <subfield code="d">2024-01-10</subfield>
    <subfield code="g">64.00</subfield>
    <subfield code="o">624.011.78 &#x10EE;-66</subfield>
    <subfield code="p">67015</subfield>
    <subfield code="r">2024-01-10</subfield>
    <subfield code="t">67015</subfield>
    <subfield code="w">2024-01-10</subfield>
    <subfield code="y">&#x1CAC;&#x1C98;&#x1C92;&#x1C9C;&#x1C98;</subfield>
    <subfield code="z">64 &#x10DA;.</subfield>
  </datafield>
  <datafield tag="952" ind1=" " ind2=" ">
    <subfield code="0">0</subfield>
    <subfield code="1">0</subfield>
    <subfield code="2">udc</subfield>
    <subfield code="4">0</subfield>
    <subfield code="6">62401178_&#x10EE;66</subfield>
    <subfield code="7">0</subfield>
    <subfield code="9">97543</subfield>
    <subfield code="a">CPL</subfield>
    <subfield code="b">CPL</subfield>
    <subfield code="c">GEN</subfield>
    <subfield code="d">2024-01-10</subfield>
    <subfield code="g">64.00</subfield>
    <subfield code="o">624.011.78 &#x10EE;-66</subfield>
    <subfield code="p">67016</subfield>
    <subfield code="r">2024-01-10</subfield>
    <subfield code="t">67016</subfield>
    <subfield code="w">2024-01-10</subfield>
    <subfield code="y">&#x1CAC;&#x1C98;&#x1C92;&#x1C9C;&#x1C98;</subfield>
    <subfield code="z">64 &#x10DA;.</subfield>
  </datafield>
  <datafield tag="952" ind1=" " ind2=" ">
    <subfield code="0">0</subfield>
    <subfield code="1">0</subfield>
    <subfield code="2">udc</subfield>
    <subfield code="4">0</subfield>
    <subfield code="6">62401178_&#x10EE;66</subfield>
    <subfield code="7">0</subfield>
    <subfield code="9">97544</subfield>
    <subfield code="a">CPL</subfield>
    <subfield code="b">CPL</subfield>
    <subfield code="c">GEN</subfield>
    <subfield code="d">2024-01-10</subfield>
    <subfield code="g">64.00</subfield>
    <subfield code="o">624.011.78 &#x10EE;-66</subfield>
    <subfield code="p">67017</subfield>
    <subfield code="r">2024-01-10</subfield>
    <subfield code="t">67017</subfield>
    <subfield code="w">2024-01-10</subfield>
    <subfield code="y">&#x1CAC;&#x1C98;&#x1C92;&#x1C9C;&#x1C98;</subfield>
    <subfield code="z">64 &#x10DA;.</subfield>
  </datafield>
  <datafield tag="952" ind1=" " ind2=" ">
    <subfield code="0">0</subfield>
    <subfield code="1">0</subfield>
    <subfield code="2">udc</subfield>
    <subfield code="4">0</subfield>
    <subfield code="6">62401178_&#x10EE;66</subfield>
    <subfield code="7">0</subfield>
    <subfield code="9">97546</subfield>
    <subfield code="a">CPL</subfield>
    <subfield code="b">CPL</subfield>
    <subfield code="c">GEN</subfield>
    <subfield code="d">2024-01-10</subfield>
    <subfield code="g">64.00</subfield>
    <subfield code="o">624.011.78 &#x10EE;-66</subfield>
    <subfield code="p">67018</subfield>
    <subfield code="r">2024-01-10</subfield>
    <subfield code="t">67018</subfield>
    <subfield code="w">2024-01-10</subfield>
    <subfield code="y">&#x1CAC;&#x1C98;&#x1C92;&#x1C9C;&#x1C98;</subfield>
    <subfield code="z">64 &#x10DA;.</subfield>
  </datafield>
  <datafield tag="952" ind1=" " ind2=" ">
    <subfield code="0">0</subfield>
    <subfield code="1">0</subfield>
    <subfield code="2">udc</subfield>
    <subfield code="4">0</subfield>
    <subfield code="6">62401178_&#x10EE;66</subfield>
    <subfield code="7">0</subfield>
    <subfield code="9">97547</subfield>
    <subfield code="a">CPL</subfield>
    <subfield code="b">CPL</subfield>
    <subfield code="c">GEN</subfield>
    <subfield code="d">2024-01-10</subfield>
    <subfield code="g">64.00</subfield>
    <subfield code="o">624.011.78 &#x10EE;-66</subfield>
    <subfield code="p">67019</subfield>
    <subfield code="r">2024-01-10</subfield>
    <subfield code="t">67019</subfield>
    <subfield code="w">2024-01-10</subfield>
    <subfield code="y">&#x1CAC;&#x1C98;&#x1C92;&#x1C9C;&#x1C98;</subfield>
    <subfield code="z">64 &#x10DA;.</subfield>
  </datafield>
  <datafield tag="952" ind1=" " ind2=" ">
    <subfield code="0">0</subfield>
    <subfield code="1">0</subfield>
    <subfield code="2">udc</subfield>
    <subfield code="4">0</subfield>
    <subfield code="6">62401178_&#x10EE;66</subfield>
    <subfield code="7">0</subfield>
    <subfield code="9">99868</subfield>
    <subfield code="a">SPL</subfield>
    <subfield code="b">SPL</subfield>
    <subfield code="c">GEN</subfield>
    <subfield code="d">2024-07-19</subfield>
    <subfield code="g">56.00</subfield>
    <subfield code="o">624.011.78 &#x10EE;-66</subfield>
    <subfield code="p">68788</subfield>
    <subfield code="r">2024-07-19</subfield>
    <subfield code="t">68788</subfield>
    <subfield code="w">2024-07-19</subfield>
    <subfield code="y">&#x1CAC;&#x1C98;&#x1C92;&#x1C9C;&#x1C98;</subfield>
    <subfield code="z">56.00</subfield>
  </datafield>
  <datafield tag="952" ind1=" " ind2=" ">
    <subfield code="0">0</subfield>
    <subfield code="1">0</subfield>
    <subfield code="2">udc</subfield>
    <subfield code="4">0</subfield>
    <subfield code="6">62401178_&#x10EE;66</subfield>
    <subfield code="7">0</subfield>
    <subfield code="9">99869</subfield>
    <subfield code="a">SPL</subfield>
    <subfield code="b">SPL</subfield>
    <subfield code="c">GEN</subfield>
    <subfield code="d">2024-07-19</subfield>
    <subfield code="g">56.00</subfield>
    <subfield code="o">624.011.78 &#x10EE;-66</subfield>
    <subfield code="p">68789</subfield>
    <subfield code="r">2024-07-19</subfield>
    <subfield code="t">68789</subfield>
    <subfield code="w">2024-07-19</subfield>
    <subfield code="y">&#x1CAC;&#x1C98;&#x1C92;&#x1C9C;&#x1C98;</subfield>
    <subfield code="z">56.00</subfield>
  </datafield>
  <datafield tag="952" ind1=" " ind2=" ">
    <subfield code="0">0</subfield>
    <subfield code="1">0</subfield>
    <subfield code="2">udc</subfield>
    <subfield code="4">0</subfield>
    <subfield code="6">62401178_&#x10EE;66</subfield>
    <subfield code="7">0</subfield>
    <subfield code="9">99870</subfield>
    <subfield code="a">SPL</subfield>
    <subfield code="b">SPL</subfield>
    <subfield code="c">GEN</subfield>
    <subfield code="d">2024-07-19</subfield>
    <subfield code="g">56.00</subfield>
    <subfield code="o">624.011.78 &#x10EE;-66</subfield>
    <subfield code="p">68790</subfield>
    <subfield code="r">2024-07-19</subfield>
    <subfield code="t">68790</subfield>
    <subfield code="w">2024-07-19</subfield>
    <subfield code="y">&#x1CAC;&#x1C98;&#x1C92;&#x1C9C;&#x1C98;</subfield>
    <subfield code="z">56.00</subfield>
  </datafield>
  <datafield tag="952" ind1=" " ind2=" ">
    <subfield code="0">0</subfield>
    <subfield code="1">0</subfield>
    <subfield code="2">udc</subfield>
    <subfield code="4">0</subfield>
    <subfield code="6">62401178_&#x10EE;66</subfield>
    <subfield code="7">0</subfield>
    <subfield code="9">99871</subfield>
    <subfield code="a">SPL</subfield>
    <subfield code="b">SPL</subfield>
    <subfield code="c">GEN</subfield>
    <subfield code="d">2024-07-19</subfield>
    <subfield code="g">56.00</subfield>
    <subfield code="o">624.011.78 &#x10EE;-66</subfield>
    <subfield code="p">68791</subfield>
    <subfield code="r">2024-07-19</subfield>
    <subfield code="t">68791</subfield>
    <subfield code="w">2024-07-19</subfield>
    <subfield code="y">&#x1CAC;&#x1C98;&#x1C92;&#x1C9C;&#x1C98;</subfield>
    <subfield code="z">56.00</subfield>
  </datafield>
  <datafield tag="952" ind1=" " ind2=" ">
    <subfield code="0">0</subfield>
    <subfield code="1">0</subfield>
    <subfield code="2">udc</subfield>
    <subfield code="4">0</subfield>
    <subfield code="6">62401178_&#x10EE;66</subfield>
    <subfield code="7">0</subfield>
    <subfield code="9">99872</subfield>
    <subfield code="a">SPL</subfield>
    <subfield code="b">SPL</subfield>
    <subfield code="c">GEN</subfield>
    <subfield code="d">2024-07-19</subfield>
    <subfield code="g">56.00</subfield>
    <subfield code="o">624.011.78 &#x10EE;-66</subfield>
    <subfield code="p">68792</subfield>
    <subfield code="r">2024-07-19</subfield>
    <subfield code="t">68792</subfield>
    <subfield code="w">2024-07-19</subfield>
    <subfield code="y">&#x1CAC;&#x1C98;&#x1C92;&#x1C9C;&#x1C98;</subfield>
    <subfield code="z">56.00</subfield>
  </datafield>
</record>
